Τα παιδιά σχεδιάζουν : εικόνα του χαρακτήρα και της πνευματικής τους ανάπτυξης

Αποθηκεύτηκε σε:
Λεπτομέρειες βιβλιογραφικής εγγραφής
Κύριος συγγραφέας: Goodnow, Jacquellin
Άλλοι συγγραφείς: Κουλουμπή-Παπαπετροπούλου, Κυριακή, 1932- (trlf)
Μορφή: Βιβλίο
Γλώσσα:Greek
English
Δημοσίευση: [Αθήνα] : Κουτσουμπός, 1988.
Σειρά:Εμείς και τα παιδιά μας. Από τη γέννηση μέχρι την εφηβεία (Κουτσουμπός)
Θέματα:
Ετικέτες: Προσθήκη ετικέτας
Δεν υπάρχουν, Καταχωρήστε ετικέτα πρώτοι!

MARC

LEADER 00000cam a2200000 i 4500
001 1/89934
008 960925s1988 gr | ||| |||| ||gre||
035 |a 1990  |b 3  |c Σύλλογος φοιτητών  |l 10035870 
040 |a GR-MY-UA  |b gre  |e aacr 
041 1 |a gre  |h eng 
082 7 |a 155.413   |2 (22) 
100 1 |a Goodnow, Jacquellin. 
245 1 3 |a Τα παιδιά σχεδιάζουν :   |b εικόνα του χαρακτήρα και της πνευματικής τους ανάπτυξης /   |c Jacquellin Goodnow ; [μετάφραση Κυριακή Κουλουμπή-Παπαπετροπούλου]. 
260 |a [Αθήνα] :   |b Κουτσουμπός,   |c 1988.  
300 |a 190 σ. :   |b εικ. ;   |c 24 εκ.  
490 1 |a (Εμείς και τα παιδιά μας. Από τη γέννηση μέχρι την εφηβεία / Κουτσουμπός) 
500 |a Τίτλος πρωτοτύπου: Children's drawing.  
504 |a Βιβλιογραφία : σ. 173-178.  
650 0 0 |a Drawing, Psychology of. 
650 0 0 |a Child artists. 
700 1 |a Κουλουμπή-Παπαπετροπούλου, Κυριακή,   |d 1932-  |e trlf 
830 0 |a Εμείς και τα παιδιά μας.   |p Από τη γέννηση μέχρι την εφηβεία (Κουτσουμπός) 
852 |a INST  |b RHODES  |e 19960925  |h 155.413 GOO  |p 005400008105  |q 005400008105  |t BK  |y 0 
909 |a Ρ  |b 017981 
922 |a 4ΕΛΗ  |b 199009  |c ΒΙΒΛΙΟΘΗΚΗ 
970 |a ΧΟΡΟΖΙΔΟΥ  |b ΤΖΕΝΗ  |z 1999/12/03